Physics for scientists and engineers (Record no. 7649)
[ view plain ]
| 000 -LEADER | |
|---|---|
| fixed length control field | 00427 a2200169 4500 |
| 020 ## - INTERNATIONAL STANDARD BOOK NUMBER | |
| International Standard Book Number | 1-57259-673-2 |
| 040 ## - CATALOGING SOURCE | |
| Original cataloging agency | DLC |
| Language of cataloging | DLC |
| 082 ## - DEWEY DECIMAL CLASSIFICATION NUMBER | |
| Classification number | 530 |
| 082 ## - DEWEY DECIMAL CLASSIFICATION NUMBER | |
| Classification number | 530 |
| 100 1# - MAIN ENTRY--PERSONAL NAME | |
| Personal name | Tipler, Paul A. |
| 245 00 - TITLE STATEMENT | |
| Title | Physics for scientists and engineers |
| Statement of responsibility, etc. | Paul A. Tipler |
| 250 ## - EDITION STATEMENT | |
| Edition statement | 4. ed. |
| 260 ## - PUBLICATION, DISTRIBUTION, ETC. | |
| Place of publication, distribution, etc. | New York : |
| Name of publisher, distributor, etc. | W.H. Freeman/Worth Publ., |
| Date of publication, distribution, etc. | 1998 |
| 300 ## - PHYSICAL DESCRIPTION | |
| Extent | 1335 s. : |
| 500 ## - GENERAL NOTE | |
| General note | Previous ed.: 1991 |
| 942 ## - ADDED ENTRY ELEMENTS (KOHA) | |
| Koha item type | Book |
| Call number prefix | 530 TIP |
| Source of classification or shelving scheme | |
| Withdrawn status | Lost status | Damaged status | Not for loan | Collection code | Permanent Location | Current Location | Shelving location | Date acquired | Source of acquisition | Cost, normal purchase price | Total Checkouts | Full call number | Barcode | Date last seen | Date last checked out | Price effective from | Koha item type |
|---|---|---|---|---|---|---|---|---|---|---|---|---|---|---|---|---|---|
| Central Library (CL) | Central Library (CL) | General Stacks | 08/29/2003 | Allied Book Company | 3357.36 | 5 | 530 TIP | SEECS003762 | 03/13/2026 | 11/17/2018 | 01/05/2017 | Book |
